[Event "North American Open"]
[Site "Las Vegas, NV"]
[Date "2013.12.28"]
[Round "5.15"]
[White "Banawa, Joel"]
[Black "Gao, Rui"]
[Result "0-1"]
[WhiteElo "2358"]
[BlackElo "2457"]
[PlyCount "50"]
[EventDate "2013.12.??"]
[EventType "swiss"]
[EventRounds "9"]
[EventCountry "USA"]
[Source "MonRoi"]

1. c4 Nf6 2. Nf3 g6 3. b4 Bg7 4. Bb2 O-O 5. g3 Na6 6. b5 Nc5 7. Bg2 a6 8. d4
Nce4 9. O-O axb5 10. cxb5 c6 11. bxc6 bxc6 12. Nfd2 Nxd2 13. Nxd2 Ba6 14. Bf3
Qb6 15. Qc2 Nd5 16. Nb3 Rfb8 17. Rfb1 Nb4 18. Qd2 Nxa2 19. Ba3 Bc4 20. Na5
Qxb1+ 21. Rxb1 Rxb1+ 22. Kg2 Be6 23. d5 cxd5 24. Bxd5 Bc3 25. Qxa2 Ra1 0-1

[Event "North American Open"]
[Site "Las Vegas, NV"]
[Date "2013.12.28"]
[Round "5.20"]
[White "Goldenberg, Ryan"]
[Black "Ibarra, Luis"]
[Result "1-0"]
[WhiteElo "2303"]
[BlackElo "2489"]
[PlyCount "133"]
[EventDate "2013.12.??"]
[EventType "swiss"]
[EventRounds "9"]
[EventCountry "USA"]
[Source "MonRoi"]

1. e4 c5 2. Nf3 d6 3. d4 cxd4 4. Nxd4 Nf6 5. Nc3 Bd7 6. Bg5 e6 7. Qd2 Be7 8. f3
a6 9. O-O-O O-O 10. h4 b5 11. Kb1 b4 12. Nce2 a5 13. g4 Na6 14. Be3 b3 15. cxb3
a4 16. Nc3 axb3 17. Nxb3 Qb8 18. g5 Nh5 19. Bh3 Nb4 20. Nc1 Rc8 21. Bg4 g6 22.
Bd4 Qb7 23. Rhg1 Bf8 24. Bxh5 gxh5 25. Nd3 Rc4 26. Bf6 Rb8 27. Rg2 Nxd3 28.
Qxd3 Rb4 29. Rdd2 Bc6 30. Rge2 Qb6 31. Bd4 Qa5 32. Bf6 Bb7 33. Rg2 Ba6 34. Qe3
Bf1 35. Rgf2 Bc4 36. b3 Qa6 37. Kc1 Qa3+ 38. Rb2 Ba6 39. Nb1 Qa5 40. Bc3 Qc7
41. Rbc2 R4b5 42. Bb2 Qd7 43. Rfd2 Qe7 44. Rc6 Bb7 45. Qc3 e5 46. Rc7 Qe6 47.
Na3 Rb6 48. Nc4 Ra6 49. a4 Bg7 50. Ne3 Raa8 51. Qc4 d5 52. Nxd5 Ba6 53. Nf6+
Qxf6 54. gxf6 Bxc4 55. bxc4 Bh6 56. Bxe5 Bxd2+ 57. Kxd2 Rxa4 58. c5 h6 59. c6
Rb3 60. Rc8+ Kh7 61. c7 Ra2+ 62. Kc1 Rxf3 63. Rd8 Rf1+ 64. Rd1 Rxd1+ 65. Kxd1
Ra8 66. Ke2 Re8 67. Kd3 1-0

[Event "North American Open"]
[Site "Las Vegas, NV"]
[Date "2013.12.28"]
[Round "5.21"]
[White "Wheeler, Cameron"]
[Black "Gerzhoy, Leonid"]
[Result "1/2-1/2"]
[WhiteElo "2202"]
[BlackElo "2481"]
[PlyCount "79"]
[EventDate "2013.12.??"]
[EventType "swiss"]
[EventRounds "9"]
[EventCountry "USA"]
[Source "MonRoi"]

1. c4 g6 2. g3 Bg7 3. Bg2 e5 4. Nc3 d6 5. Nf3 f5 6. d3 Nf6 7. O-O O-O 8. Rb1 a5
9. a3 c6 10. b4 axb4 11. axb4 h6 12. Bb2 Be6 13. Ra1 Nbd7 14. Rxa8 Qxa8 15. Qa1
g5 16. Nd2 d5 17. cxd5 cxd5 18. Nb5 Qxa1 19. Rxa1 Rc8 20. Nf3 Ne8 21. Ne1 Bf8
22. f4 e4 23. Nd4 Ng7 24. Nec2 Bf7 25. Ne3 gxf4 26. gxf4 exd3 27. exd3 Bxb4 28.
Ndxf5 Nxf5 29. Nxf5 Kh7 30. Bd4 Bg6 31. Ne3 Bxd3 32. Bh3 Rd8 33. Rc1 Ba5 34.
Nxd5 Nf8 35. Rc5 Bb6 36. Nxb6 Rxd4 37. Rc7+ Kg6 38. f5+ Kf6 39. Rxb7 Be4 40.
Rc7 1/2-1/2

[Event "North American Open"]
[Site "Las Vegas, NV"]
[Date "2013.12.28"]
[Round "5.26"]
[White "Colas, Joshua"]
[Black "Adamson, Robby"]
[Result "1/2-1/2"]
[WhiteElo "2239"]
[BlackElo "2287"]
[PlyCount "83"]
[EventDate "2013.12.??"]
[EventType "swiss"]
[EventRounds "9"]
[EventCountry "USA"]
[Source "MonRoi"]

1. d4 Nf6 2. Nf3 e6 3. Bf4 c5 4. e3 Nc6 5. c3 d5 6. Nbd2 Bd6 7. Bg3 O-O 8. Bd3
b6 9. O-O Bb7 10. Ne5 Ne7 11. Rc1 Ne4 12. Bxe4 dxe4 13. Qc2 f6 14. Nec4 Bxg3
15. hxg3 Qd5 16. dxc5 Qxc5 17. b4 Qc7 18. a4 f5 19. Nb2 Nc6 20. Qb3 Qf7 21.
Ndc4 Rad8 22. Rfd1 Qc7 23. Rxd8 Rxd8 24. Rd1 Ne7 25. Rxd8+ Qxd8 26. Qd1 Qxd1+
27. Nxd1 Bd5 28. Nd2 Bc6 29. b5 Bb7 30. c4 Kf7 31. Nb3 Ke8 32. Nc3 e5 33. a5
Kd8 34. c5 Bd5 35. cxb6 axb6 36. Nxd5 Nxd5 37. axb6 Nxb6 38. Nc5 Ke7 39. Kf1
Kd6 40. Nb7+ Kc7 41. Nc5 Kd6 42. Nb7+ 1/2-1/2

[Event "North American Open"]
[Site "Las Vegas, NV"]
[Date "2013.12.28"]
[Round "5.28"]
[White "Zenyuk, Iryna"]
[Black "He, Tommy"]
[Result "1-0"]
[WhiteElo "2272"]
[BlackElo "2119"]
[PlyCount "59"]
[EventDate "2013.12.??"]
[EventType "swiss"]
[EventRounds "9"]
[EventCountry "USA"]
[Source "MonRoi"]

1. d4 Nf6 2. c4 e6 3. Nc3 Bb4 4. e3 b6 5. Bd3 Bb7 6. Nf3 O-O 7. O-O d5 8. a3
Bd6 9. b4 Ne4 10. Bb2 Nd7 11. c5 Be7 12. Qc2 f5 13. Ne2 Nb8 14. Ne5 bxc5 15.
dxc5 Qe8 16. f3 Ng5 17. Rae1 Nc6 18. h4 Nxe5 19. Bxe5 Nf7 20. Bxc7 Bxh4 21. g3
Be7 22. Nd4 Qd7 23. Bf4 Nd8 24. b5 Bc8 25. c6 Qe8 26. e4 fxe4 27. fxe4 e5 28.
exd5 Bh3 29. Bxh7+ Kh8 30. Bg6 1-0

[Event "North American Open"]
[Site "Las Vegas, NV"]
[Date "2013.12.28"]
[Round "6"]
[White "Lenderman, Alex"]
[Black "Gareev, Timur"]
[Result "1/2-1/2"]
[WhiteElo "2549"]
[BlackElo "2650"]
[PlyCount "58"]
[EventDate "2013.12.??"]
[EventType "swiss"]
[EventRounds "9"]
[EventCountry "USA"]
[Source "MonRoi"]

1. d4 Nf6 2. c4 e6 3. Nc3 Bb4 4. e3 Nc6 5. Nge2 e5 6. d5 Ne7 7. a3 Bxc3+ 8.
Nxc3 d6 9. e4 O-O 10. Be2 a5 11. Be3 b6 12. O-O Nd7 13. b4 f5 14. f3 Nf6 15. c5
axb4 16. axb4 Rxa1 17. Qxa1 bxc5 18. bxc5 Ng6 19. c6 Nf4 20. Bxf4 exf4 21. Bd3
fxe4 22. Nxe4 Bf5 23. Nf2 Bxd3 24. Nxd3 Qe7 25. Re1 Qf7 26. Nxf4 Nxd5 27. Nxd5
Qxd5 28. Re7 Rf7 29. Re8+ Rf8 1/2-1/2

[Event "North American Open"]
[Site "Las Vegas, NV"]
[Date "2013.12.28"]
[Round "6"]
[White "Mikhalevski, Victor"]
[Black "Wang, Chen"]
[Result "0-1"]
[WhiteElo "2551"]
[BlackElo "2503"]
[PlyCount "164"]
[EventDate "2013.12.??"]
[EventType "swiss"]
[EventRounds "9"]
[EventCountry "USA"]
[Source "MonRoi"]

1. c4 e6 2. g3 Nf6 3. Bg2 d5 4. Nf3 g6 5. O-O Bg7 6. d4 O-O 7. Nc3 Nc6 8. Ne5
Ne7 9. Qd3 c6 10. Bg5 h6 11. Bxf6 Bxf6 12. e4 Bg7 13. Rfe1 a6 14. Rad1 Qd6 15.
a3 b6 16. b4 Bb7 17. c5 bxc5 18. bxc5 Qc7 19. f4 a5 20. exd5 Nxd5 21. Nxd5 cxd5
22. Rb1 Ba6 23. Qc3 Rfb8 24. h4 h5 25. Kh2 Kh7 26. Qc2 Kg8 27. Bh3 Rxb1 28.
Rxb1 Rb8 29. Rb2 Bxe5 30. fxe5 Bc4 31. Qb1 Rxb2+ 32. Qxb2 Qc6 33. Bg2 Qa4 34.
Bf3 Kg7 35. Kg2 Bb5 36. Kf2 Bd3 37. Ke3 Qc4 38. Bd1 Bf1 39. Qc2 Qa6 40. Kf2 Bc4
41. Qb2 Bd3 42. Qb3 Bb5 43. Ke1 a4 44. Qb4 Kg8 45. Kf2 Kg7 46. Ke1 Kg8 47. Kf2
Kg7 48. g4 hxg4 49. Bxg4 Bd3 50. h5 Be4 51. Be2 Qa8 52. Qc3 Qc6 53. Qe3 Qb7 54.
h6+ Kh7 55. Qf4 Bf5 56. Qc1 Qe7 57. Kg3 Qb7 58. c6 Qb3+ 59. Bf3 Be4 60. Qf4 Qc3
61. Qxf7+ Kxh6 62. Qf8+ Kh7 63. Qf7+ Kh6 64. Qf8+ Kh7 65. Kg4 Bxf3+ 66. Qxf3
Qxc6 67. Qf7+ Kh6 68. Qf8+ Kh7 69. Qe7+ Kh6 70. Qf8+ Kh7 71. Kg5 Qc1+ 72. Kg4
Qg1+ 73. Kh3 Qxd4 74. Qe7+ Kh6 75. Qxe6 Qe3+ 76. Kg2 Qe2+ 77. Kg3 Qe3+ 78. Kg2
d4 79. Qd6 d3 80. e6 d2 81. Qf8+ Kg5 82. Qd8+ Kg4 0-1

[Event "North American Open"]
[Site "Las Vegas, NV"]
[Date "2013.12.28"]
[Round "6"]
[White "Gao, Rui"]
[Black "Shabalov, Alexander"]
[Result "1/2-1/2"]
[WhiteElo "2457"]
[BlackElo "2528"]
[PlyCount "49"]
[EventDate "2013.12.??"]
[EventType "swiss"]
[EventRounds "9"]
[EventCountry "USA"]
[Source "MonRoi"]

1. e4 c5 2. Nf3 d6 3. d4 cxd4 4. Nxd4 Nf6 5. Nc3 a6 6. Bg5 Nbd7 7. Bc4 g6 8.
Qe2 Bg7 9. O-O-O Qc7 10. f4 b5 11. Bb3 Bb7 12. Rhe1 Nc5 13. e5 dxe5 14. fxe5
Nfe4 15. Nxe4 Bxe4 16. e6 f5 17. Nxf5 Bxf5 18. Rd7 Nxb3+ 19. axb3 Qc5 20. Bxe7
Qc6 21. g4 Bxc2 22. Qxc2 Rc8 23. Qxc6 Rxc6+ 24. Kd1 Rxe6 25. Ra7 1/2-1/2

[Event "North American Open"]
[Site "Las Vegas, NV"]
[Date "2013.12.28"]
[Round "6"]
[White "Preotu, Razvan"]
[Black "Sevillano, Enrico"]
[Result "0-1"]
[WhiteElo "2330"]
[BlackElo "2485"]
[PlyCount "86"]
[EventDate "2013.12.??"]
[EventType "swiss"]
[EventRounds "9"]
[EventCountry "USA"]
[Source "MonRoi"]

1. e4 d6 2. d4 g6 3. Nc3 Bg7 4. f4 c6 5. Nf3 Bg4 6. Be2 Qb6 7. e5 Nh6 8. Ne4
Nf5 9. c3 Nd7 10. Qb3 d5 11. Nf2 Bxf3 12. Bxf3 Nh4 13. Ke2 Qa6+ 14. Nd3 Nxf3
15. gxf3 e6 16. Be3 Rc8 17. a4 Bf8 18. Kd2 Nb6 19. Ke2 Nd7 20. Rhd1 Be7 21. Kf2
O-O 22. Rd2 b6 23. Kg2 Rc7 24. Bf2 c5 25. Qb5 Qc8 26. dxc5 bxc5 27. c4 Rb7 28.
Qa6 d4 29. b4 Nb8 30. Qa5 cxb4 31. Rb1 Qxc4 32. Rc1 Qa6 33. Qxa6 Nxa6 34. Rc6
Nc7 35. a5 Nd5 36. Bxd4 Rd7 37. Kg3 Nc3 38. Bxc3 bxc3 39. Rxc3 Bb4 40. Nxb4
Rxd2 41. Nc6 Rd7 42. Nb4 Rfd8 43. Nc6 Rc7 0-1

[Event "North American Open"]
[Site "Las Vegas, NV"]
[Date "2013.12.28"]
[Round "6"]
[White "Wang, Jue"]
[Black "Yankovsky, Roman"]
[Result "1-0"]
[WhiteElo "2394"]
[BlackElo "2425"]
[PlyCount "129"]
[EventDate "2013.12.??"]
[EventType "swiss"]
[EventRounds "9"]
[EventCountry "USA"]
[Source "MonRoi"]

1. e4 c5 2. Nf3 d6 3. d4 cxd4 4. Nxd4 Nf6 5. Nc3 a6 6. Be3 e5 7. Nb3 Be7 8. h3
Be6 9. f4 exf4 10. Bxf4 Nc6 11. Qe2 Nd7 12. O-O-O Nce5 13. Kb1 Rc8 14. Qe3 O-O
15. Nd4 Qc7 16. g4 b5 17. Rh2 Rfe8 18. Nf5 Bf8 19. Qg3 Nb6 20. a3 Na4 21. Nd5
Bxd5 22. exd5 Qb6 23. Be3 Qb7 24. Bd4 Qxd5 25. Bg2 Qe6 26. Ne3 Nc5 27. Bd5 Qd7
28. Rf2 Ne6 29. Bxe5 dxe5 30. Qxe5 Bc5 31. Rf3 Bxe3 32. Qxe3 Nc7 33. Qb3 Nxd5
34. Rxd5 Re1+ 35. Ka2 Qe6 36. g5 Re8 37. Rfd3 Rg1 38. c3 g6 39. Rf3 Rf8 40. Rf6
Qe1 41. Qc2 a5 42. Rfd6 Qa1+ 43. Kb3 a4+ 44. Kb4 Qf1 45. Qe4 Qxh3 46. Kxb5 Qc8
47. Rc5 Qb8+ 48. Rb6 Qd8 49. Qd5 Qe8+ 50. Ka5 Rf1 51. Qc4 Rf2 52. Rcb5 Qa8+ 53.
Ra6 Qg2 54. Qb4 Qh2 55. Kxa4 Rf4 56. c4 Qc2+ 57. b3 Kg7 58. Ka5 Re8 59. Ra7 h5
60. gxh6+ Kxh6 61. Qd6 Qc3+ 62. Ka4 Rf6 63. Qh2+ Kg7 64. Rb8 Rf4 65. Qxf4 1-0

[Event "North American Open"]
[Site "Las Vegas, NV"]
[Date "2013.12.28"]
[Round "6"]
[White "Hasan, Mehdi"]
[Black "Gurevich, Dmitry"]
[Result "0-1"]
[WhiteElo "2285"]
[BlackElo "2499"]
[PlyCount "68"]
[EventDate "2013.12.??"]
[EventType "swiss"]
[EventRounds "9"]
[EventCountry "USA"]
[Source "MonRoi"]

1. d4 Nf6 2. c4 a6 3. Nc3 c5 4. d5 b5 5. cxb5 axb5 6. Nxb5 Qa5+ 7. Nc3 Bb7 8.
Bd2 Qb6 9. e4 e6 10. dxe6 fxe6 11. e5 Ne4 12. Qc2 Nxd2 13. Qxd2 Nc6 14. Nf3 Nd4
15. O-O-O Bxf3 16. gxf3 Rxa2 17. Kb1 Ra1+ 18. Kxa1 Nb3+ 19. Kb1 Nxd2+ 20. Rxd2
c4 21. Bxc4 Bb4 22. Rc1 Ke7 23. Kc2 Rc8 24. Bb3 Qa5 25. Rd3 Qxe5 26. Rcd1 Rc7
27. Ba4 d5 28. Bb3 Qxh2 29. R1d2 Kf6 30. Re2 Qf4 31. Rde3 Qf5+ 32. Kd2 Rc6 33.
Bc2 Qf4 34. Kd1 Bxc3 0-1

[Event "North American Open"]
[Site "Las Vegas, NV"]
[Date "2013.12.28"]
[Round "6"]
[White "Gerzhoy, Leonid"]
[Black "Zenyuk, Iryna"]
[Result "1-0"]
[WhiteElo "2481"]
[BlackElo "2272"]
[PlyCount "147"]
[EventDate "2013.12.??"]
[EventType "swiss"]
[EventRounds "9"]
[EventCountry "USA"]
[Source "MonRoi"]

1. d4 Nf6 2. Nf3 g6 3. g3 Bg7 4. Bg2 O-O 5. c4 d6 6. Nc3 Nc6 7. O-O Bf5 8. b3
Ne4 9. Nd5 e6 10. Ne3 Nc3 11. Qd2 Ne4 12. Qe1 Nxd4 13. Bb2 Nc2 14. Qc1 Bxb2 15.
Qxb2 Nxe3 16. fxe3 a5 17. Nd2 Nc5 18. a3 c6 19. b4 Qb6 20. Qc3 axb4 21. axb4
Rxa1 22. Rxa1 Na6 23. g4 Bxg4 24. Ne4 e5 25. Nf6+ Kg7 26. Nxg4 h5 27. Nf2 Qxb4
28. Qxb4 Nxb4 29. Rb1 Nc2 30. Nd1 Ra8 31. Kf2 Ra1 32. Rxb7 Rxd1 33. Bxc6 Na3
34. Bd5 Kh6 35. Rxf7 Nb5 36. cxb5 Rxd5 37. b6 Rb5 38. b7 d5 39. Rd7 e4 40. Kg3
g5 41. Rd6+ Kh7 42. Rxd5 Rxb7 43. Rxg5 Kh6 44. Kh4 Rb2 45. Rxh5+ Kg6 46. Rg5+
Kf6 47. Rg2 Rb8 48. Rg4 Kf5 49. Rg5+ Kf6 50. Kg4 Rb1 51. h4 Rh1 52. Rf5+ Ke6
53. Ra5 Kf6 54. h5 Rf1 55. h6 Kg6 56. Ra6+ Kh7 57. Kg5 Rf7 58. Re6 Ra7 59. Kf5
Ra2 60. Kxe4 Rxe2 61. Rf6 Ra2 62. Ke5 Ra5+ 63. Kf4 Ra1 64. e4 Rf1+ 65. Ke5 Ra1
66. Kf5 Rf1+ 67. Ke6 Ra1 68. e5 Ra6+ 69. Kf5 Ra1 70. e6 Rf1+ 71. Ke5 Ra1 72. e7
Re1+ 73. Kd6 Rd1+ 74. Kc7 1-0

[Event "North American Open"]
[Site "Las Vegas, NV"]
[Date "2013.12.28"]
[Round "6"]
[White "Yuan, Yuanling"]
[Black "Banawa, Joel"]
[Result "1-0"]
[WhiteElo "2210"]
[BlackElo "2358"]
[PlyCount "75"]
[EventDate "2013.12.??"]
[EventType "swiss"]
[EventRounds "9"]
[EventCountry "USA"]
[Source "MonRoi"]

1. e4 e5 2. Nf3 Nc6 3. Bb5 a6 4. Ba4 Nf6 5. O-O Be7 6. Re1 b5 7. Bb3 d6 8. c3
O-O 9. h3 Nb8 10. d4 Nbd7 11. Nbd2 Bb7 12. Bc2 Re8 13. Nf1 Bf8 14. Ng3 g6 15.
a4 c5 16. d5 c4 17. a5 Nc5 18. Nh2 Bc8 19. Qf3 h6 20. Ngf1 Bg7 21. g4 Nh7 22.
Qg3 Nb7 23. f4 exf4 24. Bxf4 Be5 25. Nf3 Bxf4 26. Qxf4 Ng5 27. Nxg5 Qxg5 28.
Qg3 Bd7 29. Nh2 Qd2 30. Rac1 Qg5 31. Nf3 Qf6 32. g5 hxg5 33. Nxg5 Re7 34. Rf1
Qh8 35. Rf4 f6 36. Rh4 Qg7 37. Rh7 Qf8 38. Qh4 1-0

[Event "North American Open"]
[Site "Las Vegas, NV"]
[Date "2013.12.28"]
[Round "6"]
[White "Shen, Arthur"]
[Black "Wheeler, Cameron"]
[Result "1-0"]
[WhiteElo "2319"]
[BlackElo "2202"]
[PlyCount "59"]
[EventDate "2013.12.??"]
[EventType "swiss"]
[EventRounds "9"]
[EventCountry "USA"]
[Source "MonRoi"]

1. e4 e6 2. d4 d5 3. Nc3 Nf6 4. e5 Nfd7 5. f4 c5 6. Nf3 Nc6 7. Be3 a6 8. Qd2 b5
9. Nd1 Be7 10. c3 O-O 11. Bd3 b4 12. O-O a5 13. f5 cxd4 14. cxd4 exf5 15. Qc2
Ba6 16. Bxf5 g6 17. Qxc6 gxf5 18. Rf2 Bc4 19. Qh6 Ra6 20. Qh3 f6 21. e6 Rxe6
22. Qxf5 Qb6 23. Bh6 Rf7 24. Ne3 Bf8 25. Qg4+ Kh8 26. Nxc4 dxc4 27. Ng5 fxg5
28. Rxf7 Bxh6 29. Rxd7 c3 30. Qf5 1-0

[Event "North American Open"]
[Site "Las Vegas, NV"]
[Date "2013.12.28"]
[Round "6"]
[White "Ardaman, Miles"]
[Black "Ibarra, Luis"]
[Result "0-1"]
[WhiteElo "2255"]
[BlackElo "2489"]
[PlyCount "92"]
[EventDate "2013.12.??"]
[EventType "swiss"]
[EventRounds "9"]
[EventCountry "USA"]
[Source "MonRoi"]

1. Nc3 c5 2. e4 Nc6 3. g3 g6 4. Bg2 Bg7 5. d3 d6 6. Nge2 e6 7. O-O Nge7 8. Bg5
O-O 9. Qd2 Re8 10. Bh6 Bh8 11. Rae1 Qa5 12. f4 d5 13. f5 d4 14. fxe6 Bxe6 15.
Nd5 Qxd2 16. Bxd2 Rac8 17. Bg5 Bd7 18. Nf6+ Bxf6 19. Bxf6 Nb4 20. Rc1 Nxa2 21.
Ra1 Nb4 22. Rxa7 Bc6 23. Bh3 Rcd8 24. Ra5 Na6 25. b4 cxb4 26. Nxd4 Bd7 27. Bg2
Rc8 28. e5 Nc6 29. Rd5 Nxd4 30. Rxd7 Ne2+ 31. Kh1 Nc5 32. Rd6 Ne6 33. Bd5 N2d4
34. Rf2 Rxc2 35. Rxc2 Nxc2 36. Bxe6 fxe6 37. Rd7 Rc8 38. Rg7+ Kf8 39. Rxh7 Rc3
40. Kg2 b6 41. h4 b3 42. Rd7 Rc8 43. Rb7 Ne3+ 44. Kf3 Nd5 45. Be7+ Nxe7 46.
Rxb6 Nc6 0-1

[Event "North American Open"]
[Site "Las Vegas, NV"]
[Date "2013.12.28"]
[Round "6"]
[White "Trujillo, Kevin"]
[Black "Colas, Joshua"]
[Result "0-1"]
[WhiteElo "2310"]
[BlackElo "2239"]
[PlyCount "52"]
[EventDate "2013.12.??"]
[EventType "swiss"]
[EventRounds "9"]
[EventCountry "USA"]
[Source "MonRoi"]

1. d4 Nf6 2. c4 e6 3. Nc3 Bb4 4. Qc2 O-O 5. a3 Bxc3+ 6. Qxc3 h6 7. Bf4 b6 8. e3
Bb7 9. Ne2 d6 10. Qd3 Nbd7 11. Nc3 Qe7 12. b4 a5 13. b5 e5 14. Bg3 exd4 15.
Qxd4 Nc5 16. Qd1 Rad8 17. Nd5 Bxd5 18. cxd5 Qe4 19. Be2 Qxd5 20. Bf3 Qc4 21.
Be2 Qc3+ 22. Kf1 Nfe4 23. Rc1 Qxa3 24. Rc4 Nc3 25. Qe1 Nxe2 26. Rg4 Nd3 0-1

[Event "North American Open"]
[Site "Las Vegas, NV"]
[Date "2013.12.29"]
[Round "7.1"]
[White "Wang, Chen"]
[Black "Shimanov, Alex"]
[Result "1/2-1/2"]
[WhiteElo "2503"]
[BlackElo "2650"]
[PlyCount "45"]
[EventDate "2013.12.??"]
[EventType "swiss"]
[EventRounds "9"]
[EventCountry "USA"]
[Source "MonRoi"]

1. e4 e6 2. d4 d5 3. exd5 exd5 4. Nf3 Bd6 5. Bd3 Ne7 6. Nc3 Nbc6 7. Nb5 Bf5 8.
O-O O-O 9. c3 Bxd3 10. Qxd3 f6 11. Nh4 Re8 12. Qh3 Ng6 13. Nxg6 hxg6 14. Qg4 g5
15. f4 Re4 16. Qg3 gxf4 17. Bxf4 Bxf4 18. Rxf4 Rxf4 19. Qxf4 Rc8 20. Qf5 a6 21.
Qe6+ Kf8 22. Na3 Nb8 23. Qh3 1/2-1/2

[Event "North American Open"]
[Site "Las Vegas, NV"]
[Date "2013.12.29"]
[Round "7.2"]
[White "Gareev, Timur"]
[Black "Yermolinsky, Alex"]
[Result "1-0"]
[WhiteElo "2650"]
[BlackElo "2510"]
[PlyCount "79"]
[EventDate "2013.12.??"]
[EventType "swiss"]
[EventRounds "9"]
[EventCountry "USA"]
[Source "MonRoi"]

1. d4 Nf6 2. c4 g6 3. Nc3 d5 4. Nf3 Bg7 5. h4 c6 6. Bg5 O-O 7. Bxf6 Bxf6 8. h5
g5 9. h6 Bf5 10. e3 e6 11. Bd3 Bg6 12. Qe2 Nd7 13. Rd1 Re8 14. Kf1 a6 15. g3 b5
16. cxd5 cxd5 17. a3 Nb6 18. Kg2 Rc8 19. Bxg6 hxg6 20. e4 Kh7 21. Rd3 Nc4 22.
e5 Be7 23. a4 bxa4 24. Nxa4 Rb8 25. b3 Na5 26. Qe3 Rb4 27. Rc3 Nxb3 28. Rxb3
Rxa4 29. Rb7 a5 30. Qd3 Rf8 31. Nh2 Rb4 32. Ra7 Kxh6 33. Ng4+ Kg7 34. Qf3 Rg8
35. Nf6 Rh8 36. Rd7 Qf8 37. Rc1 Rc4 38. Rxc4 dxc4 39. d5 c3 40. Qxc3 1-0

[Event "North American Open"]
[Site "Las Vegas, NV"]
[Date "2013.12.29"]
[Round "7.8"]
[White "Sevillano, Enrico"]
[Black "Wang, Jue"]
[Result "1-0"]
[WhiteElo "2485"]
[BlackElo "2394"]
[PlyCount "129"]
[EventDate "2013.12.??"]
[EventType "swiss"]
[EventRounds "9"]
[EventCountry "USA"]
[Source "MonRoi"]

1. e4 c5 2. c3 d5 3. exd5 Qxd5 4. d4 Nc6 5. Nf3 Bf5 6. Be3 Nf6 7. Na3 cxd4 8.
Bc4 Qa5 9. Nxd4 Nxd4 10. Bxd4 O-O-O 11. Nb5 e5 12. Nxa7+ Kb8 13. Qb3 Rd6 14.
Be3 Ng4 15. Nb5 Nxe3 16. fxe3 Rg6 17. Bd5 Bd3 18. a4 e4 19. Nd4 Rb6 20. Qa2
Rxb2 21. Qxb2 Qxd5 22. a5 Bc5 23. a6 b6 24. Qf2 Bd6 25. Qf5 Qxf5 26. Nxf5 Be5
27. Nd4 Rc8 28. a7+ Ka8 29. Kd2 h5 30. g3 Rc5 31. Ra2 Bc7 32. Rg1 Rg5 33. Kc1
h4 34. Rf2 hxg3 35. hxg3 Bc4 36. Rf5 Rg6 37. g4 Kxa7 38. Nb5+ Kb7 39. Nxc7 Kxc7
40. Re5 Rc6 41. Kb2 Re6 42. Rxe6 Bxe6 43. g5 g6 44. Rd1 Kc6 45. Rd4 Bf5 46. Kb3
Kc5 47. c4 Kc6 48. Kb4 Kb7 49. Kc3 Kc6 50. Rd2 Be6 51. Kd4 Kc7 52. Rd1 Kc6 53.
Ra1 Kd6 54. Ra6 Kc7 55. Ra4 Kc6 56. Kxe4 Kc5 57. Kd3 Bf5+ 58. Kc3 Bd7 59. Rb4
Bc6 60. Rb2 Be8 61. Rf2 b5 62. cxb5 Kxb5 63. Kd4 Kc6 64. Ke5 Kd7 65. Kf6 1-0

[Event "North American Open"]
[Site "Las Vegas, NV"]
[Date "2013.12.29"]
[Round "7.9"]
[White "Ruiz, Joshua"]
[Black "Yang, Darwin"]
[Result "1/2-1/2"]
[WhiteElo "2391"]
[BlackElo "2468"]
[PlyCount "37"]
[EventDate "2013.12.??"]
[EventType "swiss"]
[EventRounds "9"]
[EventCountry "USA"]
[Source "MonRoi"]

1. e4 c6 2. d4 d5 3. Nc3 dxe4 4. Nxe4 Bf5 5. Ng3 Bg6 6. h4 h6 7. Nf3 e6 8. h5
Bh7 9. Bd3 Bxd3 10. Qxd3 Nf6 11. Bd2 Qc7 12. O-O-O Nbd7 13. Kb1 O-O-O 14. c4 c5
15. Bc3 cxd4 16. Nxd4 a6 17. Nb3 Nc5 18. Qxd8+ Qxd8 19. Rxd8+ 1/2-1/2

[Event "North American Open"]
[Site "Las Vegas, NV"]
[Date "2013.12.29"]
[Round "7.10"]
[White "Goldenberg, Ryan"]
[Black "Gao, Rui"]
[Result "1/2-1/2"]
[WhiteElo "2303"]
[BlackElo "2457"]
[PlyCount "111"]
[EventDate "2013.12.??"]
[EventType "swiss"]
[EventRounds "9"]
[EventCountry "USA"]
[Source "MonRoi"]

1. e4 c5 2. Nf3 d6 3. d4 cxd4 4. Nxd4 Nf6 5. Nc3 a6 6. Be3 e5 7. Nf3 Be7 8. Bc4
O-O 9. O-O Qc7 10. Bb3 Be6 11. Nh4 g6 12. Bh6 Re8 13. Qd2 Ng4 14. Bg5 Bxg5 15.
Qxg5 Qd8 16. Nf3 Qxg5 17. Nxg5 Bxb3 18. axb3 Rd8 19. h3 Nf6 20. f4 Nbd7 21.
Rad1 h6 22. Nxf7 Kxf7 23. Rxd6 exf4 24. Rxf4 Ke7 25. e5 Rf8 26. Rdxf6 Nxf6 27.
exf6+ Ke6 28. Re4+ Kxf6 29. Nd5+ Kf5 30. Re7 Rae8 31. Rxb7 Re2 32. Rc7 Kg5 33.
Rc4 h5 34. h4+ Kh6 35. Nf4 Ree8 36. g3 Rc8 37. Kf2 g5 38. hxg5+ Kxg5 39. Kf3
Rxc4 40. bxc4 a5 41. b3 Rc8 42. c5 Kf5 43. Nxh5 Rxc5 44. Ke3 Rxc2 45. Kd3 Rc1
46. Nf4 Ke5 47. Ne2 Rc8 48. Nc3 Rb8 49. Kc2 Kd4 50. Kb2 Rh8 51. Nb5+ Kd3 52.
Nd6 Rh1 53. Nb7 Rh5 54. Ka3 Rb5 55. Nd6 Rg5 56. Ka4 1/2-1/2

[Event "North American Open"]
[Site "Las Vegas, NV"]
[Date "2013.12.29"]
[Round "7.13"]
[White "Wang, Kevin"]
[Black "Gerzhoy, Leonid"]
[Result "0-1"]
[WhiteElo "2333"]
[BlackElo "2481"]
[PlyCount "122"]
[EventDate "2013.12.??"]
[EventType "swiss"]
[EventRounds "9"]
[EventCountry "USA"]
[Source "MonRoi"]

1. d4 Nf6 2. c4 g6 3. Nc3 Bg7 4. Nf3 O-O 5. Bf4 d5 6. cxd5 Nxd5 7. Nxd5 Qxd5 8.
Bxc7 Nc6 9. e3 Bf5 10. Be2 Rac8 11. Bg3 Qa5+ 12. Qd2 Nb4 13. O-O Rc2 14. Qd1
Rxb2 15. Nd2 Rxa2 16. Nc4 Rxa1 17. Qxa1 Qxa1 18. Rxa1 b5 19. Na5 a6 20. Nb3 Rc8
21. Bf3 Rc3 22. Nd2 a5 23. Bh4 a4 24. g4 Bd3 25. Bxe7 Bf8 26. Ne4 Bxe4 27. Bxb4
Bxb4 28. Bxe4 a3 29. Rb1 Bd6 30. Bd5 b4 31. Kg2 b3 32. Rxb3 a2 33. Rxc3 a1=Q
34. Rc6 Qa3 35. Rc8+ Kg7 36. Ra8 Qb4 37. Ra7 Be7 38. Rb7 Qd6 39. Bf3 Bd8 40. h3
Bc7 41. Kf1 Bb6 42. Kg2 Bc7 43. Kf1 f5 44. gxf5 gxf5 45. h4 f4 46. h5 fxe3 47.
fxe3 Kf6 48. Rb5 Qa6 49. Be2 Qa1+ 50. Kf2 Qh1 51. Bf3 Qh2+ 52. Kf1 Qd2 53. e4
Qxd4 54. Rf5+ Ke7 55. Rd5 Qe3 56. Kg2 Qf4 57. Rf5 Qd2+ 58. Kf1 Bb6 59. Be2 Qc1+
60. Kg2 Qg1+ 61. Kh3 Qh1+ 0-1

[Event "North American Open"]
[Site "Las Vegas, NV"]
[Date "2013.12.29"]
[Round "7.15"]
[White "Mulyar, Michael"]
[Black "Preotu, Razvan"]
[Result "1/2-1/2"]
[WhiteElo "2423"]
[BlackElo "2330"]
[PlyCount "48"]
[EventDate "2013.12.??"]
[EventType "swiss"]
[EventRounds "9"]
[EventCountry "USA"]
[Source "MonRoi"]

1. d4 Nf6 2. Nf3 g6 3. c4 Bg7 4. g3 O-O 5. Bg2 d5 6. cxd5 Nxd5 7. O-O Nb6 8.
Nc3 Nc6 9. e3 Re8 10. a3 a5 11. Ne1 e5 12. d5 Nb8 13. e4 c6 14. Be3 Nc4 15. Nc2
Nxb2 16. Qe2 b6 17. Ne1 cxd5 18. Nxd5 Na4 19. Qc2 Nc5 20. Bxc5 bxc5 21. Nd3 Ba6
22. Rfd1 Bxd3 23. Rxd3 Nc6 24. Qxc5 Nd4 1/2-1/2